[Event " "]
[Site "Niort"]
[Date "11.??.??"]
[Round "7.5"]
[White "Flament, Alexandre"]
[Black "Grill, Marc"]
[Result "1-0"]
[WhiteElo "2092"]
[BlackElo "2154"]
[PlyCount "43"]
[EventDate "11.??.??"]
[WhiteTeam "Niort"]
[BlackTeam "C.E. Nantes"]

1. d4 Nf6 2. Nf3 e6 3. e3 c5 4. Bd3 d5 5. b3 Be7 6. Bb2 O-O 7. Nbd2 b6 8. Ne5
Bb7 9. O-O Nbd7 10. Qf3 Rc8 11. Qh3 h6 12. Rad1 a6 13. c4 Qc7 14. f4 Nxe5 15.
dxe5 Ne4 16. f5 exf5 17. Qxf5 g6 18. Qh3 Nxd2 19. Rxd2 dxc4 20. Bxc4 b5 21. Rd7
Qc6 22. Bd5 1-0

[Event " "]
[Site "Niort"]
[Date "11.??.??"]
[Round "7.6"]
[White "Chabradze, Boris"]
[Black "Migne, Christophe"]
[Result "1-0"]
[WhiteElo "2120"]
[BlackElo "2011"]
[PlyCount "61"]
[EventDate "11.??.??"]
[WhiteTeam "C.E. Nantes"]

1. e4 e5 2. Nf3 Nc6 3. Nc3 Bb4 4. d4 exd4 5. Nxd4 Qh4 6. Qd3 Nf6 7. Bd2 Bxc3 8.
Bxc3 Ne5 9. Qe2 O-O 10. Nf5 Qf4 11. g3 Nf3+ 12. Kd1 Qxe4 13. Ne7+ Kh8 14. Bxf6
Ng5 15. Qxe4 Nxe4 16. Bd4 d5 17. Nxc8 Raxc8 18. f3 Ng5 19. Bg2 c5 20. Bf2 Ne6
21. f4 b5 22. Re1 Rc6 23. f5 Nc7 24. Re7 g6 25. Rd7 a6 26. Bxd5 Nxd5 27. Rxd5
c4 28. Kd2 Kg8 29. Re1 b4 30. c3 bxc3+ 31. Kxc3 1-0

[Event " "]
[Site "Niort"]
[Date "11.??.??"]
[Round "7.7"]
[White "Voisembert, Alain"]
[Black "Martinez, Jean-Philippe"]
[Result "1-0"]
[WhiteElo "2104"]
[BlackElo "2073"]
[PlyCount "87"]
[EventDate "11.??.??"]
[WhiteTeam "Niort"]
[BlackTeam "C.E. Nantes"]

1. e4 c5 2. Nf3 Nc6 3. Bb5 g6 4. d4 cxd4 5. Nxd4 Bg7 6. Be3 Nf6 7. Nc3 O-O 8.
O-O a6 9. Be2 d5 10. exd5 Nxd5 11. Nxd5 Qxd5 12. Bf3 Qc4 13. Nxc6 bxc6 14. c3
Rb8 15. b3 Qxc3 16. Rc1 Qa5 17. Qe2 Qb5 18. Rxc6 Bb7 19. Rc7 Bxf3 20. Qxf3 Qa5
21. Rc2 Rfd8 22. Rfc1 h5 23. g3 Bf6 24. Bc5 Rd2 25. Qf4 Rbd8 26. b4 Rd1+ 27.
Kg2 Qb5 28. Rxd1 Rxd1 29. Qc4 Qb7+ 30. f3 g5 31. h3 Qc8 32. Qe2 Qd7 33. Be3 Qd5
34. Qxa6 Ra1 35. Qe2 Qa8 36. b5 h4 37. gxh4 gxh4 38. b6 Qb8 39. Bf2 Kh8 40. Qc4
Qe5 41. Qg4 Qg5 42. b7 Qxg4+ 43. fxg4 Be5 44. Bd4 1-0

[Event " "]
[Site "Niort"]
[Date "11.??.??"]
[Round "7.8"]
[White "Marchadour, Claire"]
[Black "Marchais, Aurelie"]
[Result "1-0"]
[WhiteElo "2058"]
[BlackElo "1776"]
[PlyCount "97"]
[EventDate "11.??.??"]
[WhiteTeam "C.E. Nantes"]

1. e4 c6 2. d4 d5 3. Nc3 dxe4 4. Nxe4 Bf5 5. Ng3 Bg6 6. h4 h6 7. h5 Bh7 8. f4
e6 9. Nf3 Nd7 10. Bd3 Bxd3 11. Qxd3 Qc7 12. Bd2 O-O-O 13. O-O-O Bd6 14. Qe3
Ngf6 15. Ne5 Rhf8 16. Nc4 Nd5 17. Nxd6+ Qxd6 18. Qf2 N7f6 19. a3 Qc7 20. c4 Ne7
21. Bb4 Kb8 22. Rhe1 Rfe8 23. Qf3 Ka8 24. Re5 Nd7 25. Bxe7 Rxe7 26. Re2 Nf6 27.
Red2 Red7 28. Ne2 Qa5 29. g4 Ne8 30. b4 Qa6 31. Rc2 Nd6 32. Qb3 b5 33. c5 Ne8
34. Qf3 Nc7 35. g5 Nd5 36. Rd3 Ne7 37. gxh6 gxh6 38. Rcd2 Nf5 39. Qe4 Qc8 40.
Nc3 a6 41. a4 Rg8 42. axb5 Rg1+ 43. Kc2 axb5 44. Nxb5 Qb7 45. Ra3+ Kb8 46. Qe5+
Kc8 47. Na7+ Kd8 48. Qh8+ Ke7 49. Nc8+ 1-0

[Event " "]
[Site "Clichy II"]
[Date "11.??.??"]
[Round "7.1"]
[White "Roser, Kevin"]
[Black "David, Alberto"]
[Result "1/2-1/2"]
[WhiteElo "2400"]
[BlackElo "2528"]
[PlyCount "117"]
[EventDate "11.??.??"]
[WhiteTeam "Issy les Moulineaux"]
[BlackTeam "Clichy II"]

1. e4 e5 2. Nf3 Nc6 3. Bb5 a6 4. Ba4 Nf6 5. O-O Be7 6. Re1 b5 7. Bb3 O-O 8. d4
d6 9. c3 Bg4 10. Be3 exd4 11. cxd4 Na5 12. Bc2 Nc4 13. Bc1 c5 14. b3 Nb6 15.
Nbd2 Nfd7 16. Bb2 Rc8 17. Rc1 Bg5 18. Rb1 cxd4 19. Bxd4 Ne5 20. Be3 Bxe3 21.
Rxe3 Qc7 22. Bd3 d5 23. Qf1 Nxd3 24. Qxd3 Qc2 25. Nd4 Qxd3 26. Rxd3 Rfe8 27. f3
Bd7 28. Re1 f6 29. Kf2 b4 30. Rde3 Rc5 31. e5 fxe5 32. Rxe5 Rxe5 33. Rxe5 Ra5
34. Re2 Rxa2 35. Nf1 Rxe2+ 36. Kxe2 Kf7 37. Ne3 Ke7 38. Kd3 g6 39. f4 a5 40.
Ndc2 Kd6 41. Kd4 Bc6 42. Ng4 a4 43. Na1 axb3 44. Nxb3 Ba4 45. Nd2 Bc2 46. Ne3
Bf5 47. g4 Bd7 48. h3 Ba4 49. h4 b3 50. f5 gxf5 51. Nxf5+ Ke6 52. Ne3 b2 53. g5
Be8 54. Kc3 Ke5 55. Ng4+ Kf4 56. Nf6 Bg6 57. Kxb2 Bf5 58. Kc3 Ke3 59. Nb3 $11
1/2-1/2

[Event " "]
[Site "Clichy II"]
[Date "11.??.??"]
[Round "7.2"]
[White "Silva, Sebastain"]
[Black "Emmenecker, Philippe"]
[Result "1/2-1/2"]
[WhiteElo "2367"]
[BlackElo "2198"]
[PlyCount "70"]
[EventDate "11.??.??"]
[WhiteTeam "Clichy II"]

1. d4 Nf6 2. Nf3 g6 3. Nc3 d5 4. Bf4 c6 5. e3 Nbd7 6. Be2 Bg7 7. Ne5 Qb6 8. Na4
Qa5+ 9. c3 Nxe5 10. Bxe5 O-O 11. O-O Nd7 12. b4 Qd8 13. Bxg7 Kxg7 14. f4 h5 15.
Nc5 Nf6 16. Bf3 Qc7 17. h3 Bf5 18. g4 hxg4 19. hxg4 b6 20. gxf5 bxc5 21. bxc5
Qd7 22. Qc2 Qxf5 23. Qxf5 gxf5 24. Rf2 Ne4 25. Bxe4 fxe4 26. Rb1 Kf6 27. Rb7
Rg8+ 28. Kf1 Rg3 29. Ke2 Rh8 30. Kd2 Rh1 31. Re2 Rgg1 32. Rxa7 Rb1 33. Kc2
Rhc1+ 34. Kd2 Rd1+ 35. Kc2 Rdc1+ 1/2-1/2

[Event " "]
[Site "Clichy II"]
[Date "11.??.??"]
[Round "7.3"]
[White "Houhou, Olivier"]
[Black "Rainfray, Arnaud"]
[Result "1-0"]
[WhiteElo "2286"]
[BlackElo "2394"]
[PlyCount "99"]
[EventDate "11.??.??"]
[WhiteTeam "Issy les Moulineaux"]
[BlackTeam "Clichy II"]

1. e4 e5 2. Nf3 Nc6 3. Bb5 a6 4. Ba4 Nf6 5. d3 b5 6. Bb3 Bc5 7. O-O d6 8. c3
O-O 9. Bg5 h6 10. Bh4 Qe7 11. a4 Rb8 12. axb5 axb5 13. d4 Bb6 14. d5 Na5 15.
Bc2 Bd7 16. Nbd2 Nc4 17. Nxc4 bxc4 18. Bxf6 Qxf6 19. Nd2 Bc5 20. Ra2 Qg5 21.
Kh1 Qh4 22. Qe2 f5 23. f3 fxe4 24. Bxe4 Qg5 25. Nxc4 Bb5 26. b4 Be3 27. Bd3
Bxc4 28. Bxc4 Ra8 29. Bd3 Rxa2 30. Qxa2 Bb6 31. Qe2 Rf4 32. g3 Rf6 33. f4 exf4
34. Qe8+ Rf8 35. Qe6+ Kh8 36. Rxf4 Ra8 37. Qe4 g6 38. Qxg6 Qxg6 39. Bxg6 Ra1+
40. Kg2 Ra2+ 41. Kh3 Bg1 42. Kg4 Rxh2 43. Rf7 Bb6 44. Bf5 Rh1 45. Be6 Rh2 46.
Kf4 Rf2+ 47. Ke4 h5 48. Rd7 Rg2 49. Kf4 Rg1 50. g4 1-0

[Event " "]
[Site "Clichy II"]
[Date "11.??.??"]
[Round "7.4"]
[White "Delorme, Axel"]
[Black "Geffroy, Laurent"]
[Result "1-0"]
[WhiteElo "2254"]
[BlackElo "2239"]
[PlyCount "55"]
[EventDate "11.??.??"]
[WhiteTeam "Clichy II"]

1. e4 e6 2. d4 d5 3. Nc3 Nf6 4. Bg5 Bb4 5. e5 h6 6. Bd2 Bxc3 7. bxc3 Ne4 8. Qg4
g6 9. Bd3 Nxd2 10. Kxd2 c5 11. h4 Nc6 12. Nf3 Qc7 13. dxc5 Nxe5 14. Nxe5 Qxe5
15. Qd4 Qxd4 16. cxd4 Bd7 17. Rab1 O-O-O 18. Bb5 g5 19. Bxd7+ Rxd7 20. hxg5 h5
21. Rh4 f6 22. gxf6 Rf7 23. Rbh1 Rxf6 24. Ke3 Rg8 25. Rxh5 Rxg2 26. Rh8+ Kc7
27. R1h7+ Kc6 28. a4 1-0

[Event " "]
[Site "Clichy II"]
[Date "11.??.??"]
[Round "7.5"]
[White "Demarre, Jacques"]
[Black "Keller, Christophe"]
[Result "1/2-1/2"]
[WhiteElo "2217"]
[BlackElo "2228"]
[PlyCount "39"]
[EventDate "11.??.??"]
[WhiteTeam "Issy les Moulineaux"]
[BlackTeam "Clichy II"]

1. e4 e6 2. d4 d5 3. Be3 dxe4 4. f3 Nh6 5. Nc3 Nf5 6. Qd2 c5 7. Nxe4 Nxe3 8.
Qxe3 cxd4 9. Qb3 Nc6 10. O-O-O Be7 11. f4 O-O 12. Nf3 e5 13. fxe5 Be6 14. Qa4
a6 15. c3 b5 16. Qc2 Bxa2 17. Nxd4 Bg5+ 18. Nxg5 Qxg5+ 19. Qd2 Qxd2+ 20. Rxd2
1/2-1/2

[Event " "]
[Site "Clichy II"]
[Date "11.??.??"]
[Round "7.6"]
[White "Daurelle, Herve"]
[Black "Launiau, Severin"]
[Result "1-0"]
[WhiteElo "2221"]
[BlackElo "2153"]
[PlyCount "51"]
[EventDate "11.??.??"]
[WhiteTeam "Clichy II"]

1. e4 e6 2. d4 d5 3. Nd2 Nf6 4. e5 Nfd7 5. c3 c5 6. Bd3 Nc6 7. Ne2 Qb6 8. Nf3
Be7 9. O-O c4 10. Bc2 O-O 11. Nf4 Nd8 12. Re1 f6 13. exf6 Nxf6 14. Ng5 h6 15.
Ng6 Re8 16. Nf3 Nf7 17. Nfe5 Bd7 18. Qf3 Qd8 19. Qh3 Nxe5 20. Nxe5 Bf8 21. Re3
g5 22. Rg3 Bg7 23. f4 gxf4 24. Bxf4 h5 25. Bg5 Rf8 26. Rf1 1-0

[Event " "]
[Site "Clichy II"]
[Date "11.??.??"]
[Round "7.8"]
[White "Marchadour, Emilie"]
[Black "Baldi, Elise"]
[Result "1-0"]
[WhiteElo "2079"]
[BlackElo "1800"]
[PlyCount "41"]
[EventDate "11.??.??"]
[WhiteTeam "Clichy II"]

1. e4 d6 2. d4 Nf6 3. Nc3 g6 4. Nf3 Bg7 5. Bf4 Bg4 6. h3 Bxf3 7. Qxf3 O-O 8.
O-O-O Nbd7 9. Qe3 Re8 10. e5 Nh5 11. Bh2 Bh8 12. g4 Ng7 13. h4 Nf8 14. h5 Qd7
15. hxg6 fxg6 16. Bc4+ Nge6 17. f4 Kg7 18. f5 Nd8 19. e6 Qc8 20. Bf4 c5 21.
Bh6+ 1-0

[Event " "]
[Site "Evry Grand Roque II"]
[Date "11.??.??"]
[Round "7.1"]
[White "Debray, Christopher"]
[Black "Adla, Diego"]
[Result "1/2-1/2"]
[WhiteElo "2278"]
[BlackElo "2485"]
[PlyCount "78"]
[EventDate "11.??.??"]
[WhiteTeam "Evry Grand Roque II"]
[BlackTeam "Noyon"]

1. e4 c5 2. Nf3 e6 3. d4 cxd4 4. Nxd4 Nc6 5. Nc3 Qc7 6. g3 a6 7. Bg2 d6 8. O-O
Bd7 9. a4 Nf6 10. Nb3 Ne5 11. f4 Nc4 12. Nd4 Be7 13. b3 Na5 14. Bb2 O-O 15. g4
Nc6 16. g5 Nxd4 17. Qxd4 d5 18. b4 Ne8 19. exd5 a5 20. dxe6 fxe6 21. Nb5 Bxb5
22. axb5 Bxb4 23. Qe4 Nd6 24. Qxe6+ Kh8 25. Be5 Rae8 26. Qh3 Qc8 27. Qd3 Rd8
28. Qe2 Nc4 29. Rad1 Qc5+ 30. Kh1 Ne3 31. Rxd8 Rxd8 32. c3 Nxf1 33. cxb4 axb4
34. Qxf1 Qc2 35. Bf3 b3 36. Qe1 Qd2 37. Bxg7+ Kxg7 38. Qe7+ Kg8 39. Qe6+ Kg7
1/2-1/2

[Event " "]
[Site "Evry Grand Roque II"]
[Date "11.??.??"]
[Round "7.2"]
[White "Glavina, Pablo"]
[Black "Justo, Damian"]
[Result "1/2-1/2"]
[WhiteElo "2418"]
[BlackElo "2306"]
[PlyCount "132"]
[EventDate "11.??.??"]
[WhiteTeam "Noyon"]

1. d4 Nf6 2. c4 e6 3. g3 d5 4. Bg2 Be7 5. Nf3 O-O 6. O-O dxc4 7. Qc2 a6 8. a4
Bd7 9. Ne5 Bc6 10. Nxc6 Nxc6 11. e3 Na5 12. Nd2 c6 13. Nxc4 Nxc4 14. Qxc4 a5
15. b3 Qb6 16. Bb2 Rac8 17. e4 Rfd8 18. Rfd1 Rc7 19. Rd3 Rcd7 20. Rad1 Bf8 21.
Qc2 Be7 22. Qe2 Qa6 23. Bf1 Ne8 24. Qf3 Qb6 25. d5 cxd5 26. exd5 Rxd5 27. Rxd5
exd5 28. Rxd5 Rxd5 29. Qxd5 Bf6 30. Ba3 g6 31. Bc4 Qc7 32. Bc1 Be5 33. Be3 Nf6
34. Qb5 Nd7 35. Bd5 b6 36. Bc6 Nc5 37. b4 axb4 38. a5 Ne6 39. Bxb6 Qd6 40. Be4
Bd4 41. Qd5 Qxd5 42. Bxd5 Bxb6 43. axb6 Nc5 44. b7 Nd7 45. Kf1 Kf8 46. Ke2 Ke7
47. Kd2 f6 48. Kd3 Kd6 49. Kd4 Kc7 50. f4 b3 51. Bxb3 Kxb7 52. Kd5 Kc7 53. Ke6
Nc5+ 54. Kxf6 Nxb3 55. Kg7 Kd7 56. Kxh7 Ke7 57. Kxg6 Nd4 58. g4 Nf3 59. h3 Kf8
60. Kh7 Kf7 61. g5 Nh4 62. f5 Nxf5 63. g6+ Kf6 64. h4 Ng7 65. Kh6 Nf5+ 66. Kh7
Ng7 1/2-1/2

[Event " "]
[Site "Evry Grand Roque II"]
[Date "11.??.??"]
[Round "7.3"]
[White "Maisuradze, Nino"]
[Black "Aguettaz, Maxime"]
[Result "1-0"]
[WhiteElo "2223"]
[BlackElo "2345"]
[Annotator "sallette,alain"]
[PlyCount "67"]
[EventDate "11.??.??"]
[WhiteTeam "Evry Grand Roque II"]
[BlackTeam "Noyon"]

1. d4 Nf6 2. c4 g6 3. Nc3 Bg7 4. e4 d6 5. f4 O-O 6. Nf3 Na6 7. Be2 e5 8. fxe5
dxe5 9. d5 Nc5 10. Bg5 h6 11. Bxf6 Qxf6 12. b4 Nd7 13. c5 a5 14. a3 c6 15. O-O
Qf4 16. Qd3 axb4 17. axb4 Rxa1 18. Rxa1 f5 19. dxc6 bxc6 20. Rf1 fxe4 $11 21.
Nxe4 Qg4 22. Nd6 Kh8 23. Rb1 Qe6 24. Nh4 Kh7 25. Bh5 e4 26. Bxg6+ Kh8 27. Bxe4
Ne5 28. Qg3 Bd7 29. Bf5 Qa2 30. Re1 Qd2 31. Rxe5 Bxf5 32. Ndxf5 Rxf5 33. Nxf5
Qc1+ 34. Re1 1-0

[Event " "]
[Site "Evry Grand Roque II"]
[Date "11.??.??"]
[Round "7.4"]
[White "Nguyen, Chi-Minh"]
[Black "Roumegous, Marina"]
[Result "1/2-1/2"]
[WhiteElo "2383"]
[BlackElo "2206"]
[PlyCount "129"]
[EventDate "11.??.??"]
[WhiteTeam "Noyon"]

1. d4 e6 2. c4 Nf6 3. Nc3 Bb4 4. e3 O-O 5. Nge2 Re8 6. a3 Bf8 7. Ng3 d6 8. Be2
Nbd7 9. O-O e5 10. f4 exd4 11. exd4 a5 12. Kh1 Nb6 13. f5 Bd7 14. Bd3 Be7 15.
Bf4 Bc6 16. Nh5 h6 17. Bd2 d5 18. c5 Nc4 19. Bc1 a4 20. Ng3 Qd7 21. Nh5 Qd8 22.
Nf4 b5 23. Qf3 Bf8 24. Bc2 Ne4 25. Nd3 Ncd2 26. Bxd2 Nxd2 27. Qf4 Nxf1 28. Rxf1
Bb7 29. Nxb5 Re4 30. Qg3 Qg5 31. Qf2 c6 32. Nc3 Ree8 33. Nb4 Ba6 34. Rd1 Rec8
35. Nxa4 Ra7 36. Nb6 Re8 37. Nxa6 Rxa6 38. Ba4 Qg4 39. Qf3 Qxd4 40. Bxc6 Re3
41. Qf1 Qxc5 42. Qxa6 Qxc6 43. a4 Rb3 44. a5 Rxb2 45. Qf1 Rb5 46. Qf3 Rxa5 47.
Nxd5 Qc2 48. f6 Ra3 49. Qf1 Ra2 50. fxg7 Bxg7 51. Nb4 Qxd1 52. Qxd1 Ra1 53.
Qxa1 Bxa1 54. g3 Kg7 55. Nd5 Kg6 56. Kg2 Bd4 57. Kf3 Be5 58. Ke4 Bd6 59. Ne3
Be7 60. Nf5 Bf6 61. h3 Bd8 62. Ne3 Kh5 63. Kf5 Bc7 64. Nf1 Bxg3 65. Nxg3+
1/2-1/2

[Event " "]
[Site "Evry Grand Roque II"]
[Date "11.??.??"]
[Round "7.5"]
[White "Roumegous, Etienne"]
[Black "Clery, Nicolas"]
[Result "0-1"]
[WhiteElo "2130"]
[BlackElo "2324"]
[PlyCount "42"]
[EventDate "11.??.??"]
[WhiteTeam "Evry Grand Roque II"]
[BlackTeam "Noyon"]

1. d4 Nf6 2. c4 d6 3. f3 g6 4. e4 Bg7 5. Be3 O-O 6. Ne2 a6 7. g4 c5 8. dxc5
dxc5 9. Qxd8 Rxd8 10. Nec3 Nc6 11. Bxc5 Nd7 12. Be3 Nb4 13. Na3 Ne5 14. Ke2 Be6
15. Nd5 Bxd5 16. cxd5 Ned3 17. Nc4 $11 Rac8 18. Nd2 Nxb2 19. a3 Na4 20. Bg2
Bxa1 21. Rxa1 Nc2 0-1

[Event " "]
[Site "Evry Grand Roque II"]
[Date "11.??.??"]
[Round "7.6"]
[White "Van Heirzeele, Daniel"]
[Black "Guyard, Rodolphe"]
[Result "1/2-1/2"]
[WhiteElo "2234"]
[BlackElo "2135"]
[PlyCount "27"]
[EventDate "11.??.??"]
[WhiteTeam "Noyon"]

1. d4 e6 2. c4 b6 3. e4 Bb7 4. Qc2 Qh4 5. Nd2 Bb4 6. Bd3 f5 7. Ngf3 Qg4 8. O-O
fxe4 9. Nxe4 Nf6 10. h3 Qh5 11. Nxf6+ gxf6 12. Be4 Nc6 13. c5 Rg8 14. d5
1/2-1/2

[Event " "]
[Site "Evry Grand Roque II"]
[Date "11.??.??"]
[Round "7.7"]
[White "Baumhauer, Christian"]
[Black "Carton, Camille"]
[Result "1/2-1/2"]
[WhiteElo "2046"]
[BlackElo "2203"]
[PlyCount "76"]
[EventDate "11.??.??"]
[WhiteTeam "Evry Grand Roque II"]
[BlackTeam "Noyon"]

1. Nf3 d5 2. d4 c6 3. c4 e6 4. e3 Nf6 5. Bd3 Nbd7 6. O-O Bd6 7. Nc3 O-O 8. e4
dxc4 9. Bxc4 e5 10. Bb3 exd4 11. Qxd4 Bc5 12. Qd3 Ng4 13. Na4 Qf6 14. Qc2 Bb4
15. a3 Ba5 16. Bg5 Qg6 17. Bf4 b5 18. Nc3 Nc5 19. Ba2 Ne6 20. Bg3 Bb6 21. Rad1
Ba6 22. b4 Rfd8 23. Ne2 Bb7 24. Nh4 Qh5 25. Nf5 Rxd1 26. Rxd1 c5 27. Bxe6 fxe6
28. Nf4 Qe8 29. Nd6 Qc6 30. Nxb7 Qxb7 31. bxc5 Qc6 32. Qe2 Bxc5 33. Qxg4 Bxa3
34. Nxe6 Bb2 35. e5 g6 36. Nd4 Qb6 37. Qf3 Rf8 38. Qc6 Bxd4 1/2-1/2

[Event " "]
[Site "Evry Grand Roque II"]
[Date "11.??.??"]
[Round "7.8"]
[White "Assad, Karine"]
[Black "Forget, Cyril"]
[Result "1-0"]
[WhiteElo "2048"]
[BlackElo "1910"]
[PlyCount "83"]
[EventDate "11.??.??"]
[WhiteTeam "Noyon"]

1. d4 Nf6 2. Nf3 e6 3. c4 b6 4. g3 Bb7 5. Bg2 Be7 6. Nc3 O-O 7. O-O Na6 8. a3
d5 9. b4 c5 10. b5 Nc7 11. Ne5 cxd4 12. Qxd4 Bc5 13. Qd3 Qe8 14. Qc2 Nd7 15.
Nxd7 Qxd7 16. Rd1 Qe8 17. a4 Rd8 18. cxd5 Nxd5 19. Nxd5 Bxd5 20. Bxd5 exd5 21.
Ba3 Bxa3 22. Rxa3 Qe4 23. Qa2 d4 24. Rad3 Rd7 25. e3 Rfd8 26. Qc4 Qg4 27. exd4
h5 28. f3 Qf5 29. d5 Rd6 30. Qe4 Qc8 31. Rd4 Qc5 32. Kg2 Qc3 33. Qd3 Qc8 34. h4
Qd7 35. Re1 g6 36. Re5 Kf8 37. Qe3 Qb7 38. Qh6+ Kg8 39. Rde4 Qc8 40. Qe3 Kf8
41. Qd4 Qd7 42. Re8+ 1-0

[Event " "]
[Site "Deauville"]
[Date "17.??.??"]
[Round "8.1"]
[White "Colin, Vincent"]
[Black "Silva, Sebastain"]
[Result "1/2-1/2"]
[WhiteElo "2428"]
[BlackElo "2367"]
[PlyCount "70"]
[EventDate "17.??.??"]
[WhiteTeam "Deauville"]
[BlackTeam "Clichy II"]

1. c4 Nf6 2. Nc3 e6 3. d4 Bb4 4. e3 O-O 5. Bd3 c5 6. Nf3 d5 7. O-O Nc6 8. a3
Bxc3 9. bxc3 Qc7 10. Bb2 dxc4 11. Bxc4 e5 12. h3 e4 13. Nd2 Na5 14. Ba2 c4 15.
f3 Qg3 16. fxe4 Qxe3+ 17. Kh1 Nxe4 18. Nxe4 Qxe4 19. Qh5 f5 20. Rae1 Qc6 21.
Re7 Be6 22. Re1 Bd5 23. Qg5 Qg6 24. Qxg6 hxg6 25. Bc1 Rf7 26. Bb1 Nc6 27. R7e2
Rff8 28. Kh2 Kf7 29. g4 Kg8 30. Rf1 fxg4 31. Rxf8+ Rxf8 32. Bxg6 gxh3 33. Kxh3
Rf6 34. Re8+ Rf8 35. Bh7+ Kf7 1/2-1/2

[Event " "]
[Site "Deauville"]
[Date "17.??.??"]
[Round "8.2"]
[White "Rainfray, Arnaud"]
[Black "Tirard, Hugo"]
[Result "0-1"]
[WhiteElo "2394"]
[BlackElo "2466"]
[PlyCount "138"]
[EventDate "17.??.??"]
[WhiteTeam "Clichy II"]

1. e4 c5 2. c3 d6 3. d4 Nf6 4. Bd3 Qc7 5. Nf3 Bg4 6. Be3 g6 7. h3 Bxf3 8. Qxf3
Bg7 9. O-O O-O 10. dxc5 dxc5 11. Bf4 Qc6 12. Nd2 Nbd7 13. a4 a6 14. Bg3 Rfd8
15. a5 Ne8 16. Nc4 Nd6 17. Qe2 Nxc4 18. Bxc4 Nf6 19. f3 e6 20. Rfd1 h5 21. Bf4
Rd7 22. Bb3 Rad8 23. Bg5 Rxd1+ 24. Bxd1 Rc8 25. Qd2 Qc7 26. Be2 Nh7 27. Bf4 Rd8
28. Qe3 Be5 29. Bxe5 Qxe5 30. f4 Qg7 31. f5 Qe5 32. fxg6 fxg6 33. Bc4 Kg7 34.
Rf1 Nf6 35. Re1 Rd7 36. Kh1 h4 37. Kg1 Re7 38. Rd1 Rf7 39. Bb3 Nh5 40. Bc4 Ng3
41. Re1 g5 42. Bxe6 Qxe6 43. Qxg5+ Qg6 44. Qxh4 Nh5 45. Rd1 Nf4 46. g3 c4 47.
Rd8 Qh5 48. Qxh5 Nxh5 49. Kg2 Nf6 50. Rd4 Rc7 51. Kf2 Nd7 52. Ke3 Ne5 53. Rd5
Kf6 54. Rd6+ Ke7 55. Rb6 Nc6 56. h4 Ke6 57. g4 Ke5 58. Kf3 Rf7+ 59. Kg3 Kxe4
60. h5 Rg7 61. b3 Ne5 62. bxc4 Rxg4+ 63. Kh3 Rg5 64. h6 Rh5+ 65. Kg3 Nxc4 66.
Kg4 Rh1 67. Rg6 Kd5 68. Rf6 Ne5+ 69. Kg5 Rxh6 0-1

[Event " "]
[Site "Deauville"]
[Date "17.??.??"]
[Round "8.3"]
[White "Houska, Jovanka"]
[Black "Delorme, Axel"]
[Result "1/2-1/2"]
[WhiteElo "2384"]
[BlackElo "2254"]
[PlyCount "142"]
[EventDate "17.??.??"]
[WhiteTeam "Deauville"]
[BlackTeam "Clichy II"]

1. e4 e5 2. Nf3 Nc6 3. Bc4 Be7 4. O-O Nf6 5. d3 O-O 6. Re1 d6 7. a4 Na5 8. Ba2
c5 9. Nc3 Nc6 10. h3 h6 11. Bd2 Be6 12. Bc4 Nb4 13. Nh2 Nd7 14. Nf1 Nb6 15. b3
Bg5 16. a5 Nxc4 17. dxc4 f5 18. exf5 Bxf5 19. Ne4 Bh4 20. Nfg3 Bxg3 21. fxg3
Nc6 22. a6 bxa6 23. Bxh6 Nd4 24. Bg5 Qb6 25. c3 Bxe4 26. cxd4 Qb7 27. Qe2 Bc6
28. dxc5 dxc5 29. Qxe5 Bxg2 30. Qe6+ Rf7 31. Ra2 Bc6 32. Rf2 Re8 33. Rxf7 Rxe6
34. Rxb7 Rxe1+ 35. Kf2 Bxb7 36. Kxe1 Bc6 37. Be7 a5 38. Bxc5 a6 39. Kd2 Kf7 40.
Kc3 Ke6 41. Bb6 a4 42. bxa4 Bxa4 43. Kb4 Bd1 44. Bc7 Be2 45. Kc5 Bd3 46. h4 Be2
47. Ba5 g6 48. Bc3 Bf1 49. Bb4 Be2 50. Kd4 Bf1 51. c5 Bg2 52. Ke3 Kf5 53. Kd4
Kg4 54. Be1 g5 55. Kc4 gxh4 56. gxh4 Bc6 57. Kb4 Bf3 58. Ka5 Bb7 59. Kb6 Bc8
60. Kc7 Bf5 61. Kd6 a5 62. Ke5 Bd7 63. Kd6 Bb5 64. Kd5 a4 65. Kd4 a3 66. Kc3 a2
67. Kb2 Bc4 68. c6 Be6 69. c7 Kh5 70. Bg3 Kg4 71. Be1 Kh5 1/2-1/2

[Event " "]
[Site "Deauville"]
[Date "17.??.??"]
[Round "8.4"]
[White "Mullon, Jean-Baptiste"]
[Black "Coursaget, Nicolas"]
[Result "1/2-1/2"]
[WhiteElo "2333"]
[BlackElo "2316"]
[PlyCount "109"]
[EventDate "17.??.??"]
[WhiteTeam "Clichy II"]

1. Nf3 c5 2. e4 Nc6 3. Bb5 e6 4. Bxc6 bxc6 5. b3 d6 6. O-O Be7 7. e5 d5 8. d3
h5 9. c4 Nh6 10. Nc3 g5 11. Na4 Nf5 12. Ba3 g4 13. Ne1 Bg5 14. Bxc5 Bf4 15.
cxd5 Qh4 16. g3 Qh3 17. Ng2 Bxe5 18. Qe2 f6 19. dxe6 h4 20. Qe4 hxg3 21. Qxc6+
Kd8 22. fxg3 Qxh2+ 23. Kf2 Qxg3+ 24. Ke2 Rh2 25. Qd5+ Nd6 26. Qxa8 Rxg2+ 27.
Bf2 Bxa1 28. e7+ Kxe7 29. Qxa7+ Bd7 30. Rxa1 Qe5+ 31. Qe3 g3 32. Qxe5+ fxe5 33.
Rf1 Bxa4 34. bxa4 Kd7 35. Kf3 Rxf2+ 36. Rxf2 gxf2 37. Kxf2 Kc6 38. Kf3 Kc5 39.
a5 Kd4 40. a6 Nb5 41. Ke2 Na7 42. Kd2 Nc8 43. Ke2 Kc5 44. Ke3 Kd5 45. Kf3 Na7
46. Ke3 Nc6 47. Kf3 Nd4+ 48. Ke3 Nb5 49. Kf3 Kd4 50. Ke2 Na7 51. Kd2 Nc6 52.
Ke2 Kc5 53. Ke3 Kb6 54. Ke4 Kxa6 55. Kd5 1/2-1/2

[Event " "]
[Site "Deauville"]
[Date "17.??.??"]
[Round "8.5"]
[White "Geenen, Marc"]
[Black "Daurelle, Herve"]
[Result "1/2-1/2"]
[WhiteElo "2317"]
[BlackElo "2221"]
[PlyCount "51"]
[EventDate "17.??.??"]
[WhiteTeam "Deauville"]
[BlackTeam "Clichy II"]

1. e4 e5 2. Nf3 Nc6 3. Bb5 a6 4. Bxc6 dxc6 5. O-O f6 6. d4 exd4 7. Nxd4 c5 8.
Nb3 Qxd1 9. Rxd1 Bg4 10. f3 Be6 11. Nc3 Bd6 12. e5 fxe5 13. Ne4 Bxb3 14. axb3
Ke7 15. f4 Nf6 16. Re1 Rae8 17. Nxd6 cxd6 18. fxe5 dxe5 19. Bf4 e4 20. Ra5 Rc8
21. Bg5 Kf7 22. Bxf6 gxf6 23. Rxe4 Rhe8 24. Rxe8 Kxe8 25. Ra4 Rd8 26. Re4+
1/2-1/2

[Event " "]
[Site "Deauville"]
[Date "17.??.??"]
[Round "8.6"]
[White "Keller, Christophe"]
[Black "Godard, Maxence"]
[Result "0-1"]
[WhiteElo "2228"]
[BlackElo "2310"]
[PlyCount "74"]
[EventDate "17.??.??"]
[WhiteTeam "Clichy II"]

1. e4 c6 2. d4 d5 3. Nc3 b5 4. a3 dxe4 5. Nxe4 Nf6 6. Nxf6+ exf6 7. c3 Bd6 8.
Bd3 O-O 9. Ne2 Qc7 10. f4 Nd7 11. O-O Nb6 12. Ng3 Rd8 13. Ne4 f5 14. Nxd6 Qxd6
15. Qc2 g6 16. Be3 a5 17. Qf2 Be6 18. d5 Nxd5 19. Bd4 Rac8 20. Bc2 c5 21. Be5
Qf8 22. c4 bxc4 23. Rfe1 c3 24. Bxc3 Nxc3 25. bxc3 Rd5 26. Rad1 Qd6 27. Rxd5
Qxd5 28. a4 Rb8 29. Rd1 Qa2 30. Rd2 Qa1+ 31. Bd1 Rb1 32. Rd8+ Kg7 33. Qe2 Bb3
34. Qe5+ Kh6 35. g4 Rxd1+ 36. Kg2 Rg1+ 37. Kf2 Qf1+ 0-1

[Event " "]
[Site "Deauville"]
[Date "17.??.??"]
[Round "8.7"]
[White "Amoyal, Pierre"]
[Black "Coste, Thierry"]
[Result "1/2-1/2"]
[WhiteElo "2154"]
[BlackElo "2219"]
[PlyCount "45"]
[EventDate "17.??.??"]
[WhiteTeam "Deauville"]
[BlackTeam "Clichy II"]

1. d4 Nf6 2. c4 d6 3. Nc3 Nbd7 4. Nf3 e5 5. e3 c6 6. Be2 Be7 7. O-O Qc7 8. Qc2
O-O 9. b3 Re8 10. Bb2 Nf8 11. h3 Ng6 12. Rad1 a6 13. c5 exd4 14. cxd6 Bxd6 15.
Rxd4 b6 16. b4 Bb7 17. Rc1 Qe7 18. Rcd1 Rad8 19. Qb3 b5 20. a3 h6 21. Bd3 Ne5
22. Be2 Ng6 23. Bd3 1/2-1/2

[Event " "]
[Site "Deauville"]
[Date "17.??.??"]
[Round "8.8"]
[White "Marchadour, Emilie"]
[Black "Fruteau, Sabine"]
[Result "0-1"]
[WhiteElo "2079"]
[BlackElo "2159"]
[PlyCount "154"]
[EventDate "17.??.??"]
[WhiteTeam "Clichy II"]

1. e4 e5 2. Nf3 Nc6 3. Bb5 a6 4. Ba4 Nf6 5. O-O b5 6. Bb3 Be7 7. Re1 d6 8. h3
Na5 9. c3 Nxb3 10. Qxb3 O-O 11. d4 Bb7 12. Nbd2 exd4 13. cxd4 d5 14. e5 Ne4 15.
Nf1 c5 16. Be3 c4 17. Qc2 f6 18. N1d2 fxe5 19. Nxe5 Bd6 20. f3 Bxe5 21. fxe4
Bf4 22. e5 Bc8 23. Nf3 Bg3 24. Rf1 Bf5 25. Qd2 Qe8 26. Bf2 Bxf2+ 27. Rxf2 h6
28. Re1 Be4 29. Nh2 Rxf2 30. Qxf2 Qg6 31. Re2 Rf8 32. Qe1 Bf5 33. Kh1 Qb6 34.
Qd2 b4 35. Rf2 a5 36. Ng4 Bxg4 37. Rxf8+ Kxf8 38. Qf4+ Bf5 39. Qxf5+ Ke7 40.
Qg4 g6 41. Qc8 a4 42. e6 Qd6 43. Kg1 a3 44. bxa3 bxa3 45. Kh1 Qxe6 46. Qc5+ Qd6
47. Qa5 Kf7 48. Kg1 h5 49. h4 Qe6 50. Qc7+ Qe7 51. Qf4+ Kg7 52. Kh2 c3 53. Qg3
c2 54. Qc3 Qe4 55. Kg1 Qxh4 56. Qxc2 Qxd4+ 57. Kh2 Qe5+ 58. Kh1 h4 59. Qa4 Qe1+
60. Kh2 Qg3+ 61. Kh1 Kf6 62. Qc6+ Ke5 63. Qc7+ Kd4 64. Qb6+ Ke4 65. Qe6+ Kd4
66. Qb6+ Ke5 67. Qc7+ Ke6 68. Qc8+ Kd6 69. Qf8+ Kc6 70. Qa8+ Kc5 71. Qa5+ Kd6
72. Qb6+ Ke7 73. Qb7+ Kf6 74. Qxd5 Qe1+ 75. Kh2 Qe5+ 76. Qxe5+ Kxe5 77. Kh3 Kd4
0-1